000 00623cam a2200229 4500
001 B1572
008 090401t1985 xxu||||| |||| 00| 0 eng d
035 _a(Sirsi) u45280
041 _aeng
050 _a333.6324
110 _aJones Lang Wootton
_92909
245 _aRetail warehouse investments: the geared rent review clause. - Spring 1985
260 _aLondon
_bJones Lang Wootton
_c1985
300 _a(4)p. : ill.,map ; 30cm.
350 _a0
490 _aJLW Occasional Paper
650 _aPROPERTY INVESTMENT
650 _aRENT REVIEWS
650 _aRETAIL WAREHOUSES
942 _n0
948 _c04/03/1997
999 _c91674
_d91674